Cvičenie pre pacientky s chronickými zápalmi vnútorných rodidiel

Bibliographic Details
Main Author: Mokranová, I. (Author)
Format: Article
Language:Slovak
PhysicalDescription:Obr.
ISSN:1336-202X
Subjects:

MARC

LEADER 00000nab a2200000 a 4500
001 vtls001495061
003 SK-MaSNL
005 20260304135428.0
008 250505c2003 xo g 0 slo
015 |a SNBCL2005/2 
035 |a (sysno)vtls001495061 
035 |a urn:nbn:sk:snk-ab71et 
035 |a (uuid)1b87f10d-ad24-4300-87dd-402afb4d61e5 
035 |a (urnnbn)urn:nbn:sk:snk:ar-a06kl1 
040 |a SNKBUCL  |b slo  |c SNKBUCL  |e AACR2 
041 0 |a slo 
044 |a xo  |c SK 
080 |a 613.72:618.1-002-036.12  |2 1981 
100 1 |a Mokranová, I.  |4 aut  |9 588113 
245 1 0 |a Cvičenie pre pacientky s chronickými zápalmi vnútorných rodidiel  |c I. Mokranová 
300 |b Obr. 
650 0 7 |a cvičenie  |2 MESH  |9 19972 
650 0 7 |a choroby ženských pohlavných orgánov  |x rehabilitácia  |2 MESH  |9 1454629 
650 0 7 |a zápal  |2 MESH  |9 2621 
650 0 7 |a choroba chronická  |2 MESH  |9 875534 
773 0 |t Revue medicíny v praxi  |g Roč. 1, č. 4 (2003), s. 18  |x 1336-202X 
850 |a Slovenská národná knižnica 
852 |a Slovenská národná knižnica 
958 |a article27 
958 |a EUIPO 
958 |a OND 
999 |c 2910799  |d 2912729